Study on land transfer during systematic land registration in ballangk commune, baray district,kampong thom province, សិក្សាពីការផ្ទេរសិទ្ធដីធ្លីអំឡុងពេលចុះបញ្ជីដីធ្លីលក្ខណៈជាប្រព័ន្ធ នៅឃុំបល្ល័ង្ក ស្រុកបារាយណ៍ ខេត្តកំពង់ធំ (Record no. 25794)

000 -LEADER
fixed length control field 00721nam a22001217a 4500
040 ## - CATALOGING SOURCE
Transcribing agency RUA
082 ## - DEWEY DECIMAL CLASSIFICATION NUMBER
Classification number LMA NOU 2025 B701 Or.1
100 ## - MAIN ENTRY--AUTHOR NAME
Personal name NOUN SREYPICH, ណូន ស្រីពេជ្រ
245 ## - TITLE STATEMENT
Title Study on land transfer during systematic land registration in ballangk commune, baray district,kampong thom province, សិក្សាពីការផ្ទេរសិទ្ធដីធ្លីអំឡុងពេលចុះបញ្ជីដីធ្លីលក្ខណៈជាប្រព័ន្ធ នៅឃុំបល្ល័ង្ក ស្រុកបារាយណ៍ ខេត្តកំពង់ធំ
260 ## - PUBLICATION, DISTRIBUTION, ETC. (IMPRINT)
Place of publication PHNOM PENH
Name of publisher RUA
Year of publication 2025
300 ## - PHYSICAL DESCRIPTION
Number of Pages x,50p.
Other physical details ill.
Dimensions 29cm.
942 ## - ADDED ENTRY ELEMENTS (KOHA)
Koha item type LMA
952 ## - LOCATION AND ITEM INFORMATION (KOHA)
Withdrawn status [LOCAL, KOHA] 0
952 ## - LOCATION AND ITEM INFORMATION (KOHA)
Withdrawn status [LOCAL, KOHA] 0
Holdings
Permanent Location Date acquired Koha item type Lost status Shelving location Barcode Current Location Full call number
Library Block B2026-05-22LMA B701B712991Library Block BLMA NOU 2025 B701 Or.1
Library Block B2026-05-22LMA B701B712960Library Block BLMA NOU 2025 B701 Or.2
មជ្ឈមណ្ឌលឯការនៃសាកលវិទ្យាល័យភូមិន្ទកសិកម្មចំការដូង

Powered by Koha